000 01072nam a2200265Ia 4500
003 OSt
005 20220930080202.0
006 a|||||r|||| 00| 0
007 ta
008 220926b |||||||| |||| 00| 0 eng d
024 _a85934
037 _cTheses
040 _aCRL
_cCRL
_beng
041 _2eng
_aeng
100 _aRawat Suman
_9538268
110 _aUniversity of Delhi. Faculty of Ayurvedic and Unani Medicines. Ayurvedic and Unani Tibbia College (Department of Kriyasharira)
_9538269
245 0 _aEffect of trifala rasayana on psycho-somatic modulations in elderly persons with reference to Prakriti in age groups of 60-80 years & 50-70 years for male and female respectively
260 _c2006
650 _a VEDAS - AYUREVEDA
_928050
650 _aMEDICINE
700 _a Dr. Uma Shankar Sharma Gu.
_9538270
700 _aUniversity of Delhi. Faculty of Ayurvedic and Unani Medicines. Ayurvedic and Unani Tibbia College (Department of Kriyasharira)
_9538271
942 _cDIS
_2CC
999 _c869430
_d869430